Normal view
MARC view
Entry Personal Name
001 - CONTROL NUMBER
- control field: 74109
003 - CONTROL NUMBER IDENTIFIER
- control field: dpl
005 - DATE AND TIME OF LATEST TRANSACTION
- control field: 20241127115901.0
008 - FIXED-LENGTH DATA ELEMENTS
- fixed length control field: 241127|| aca||aabn | a|a d
040 ## - CATALOGING SOURCE
- Original cataloging agency: dpl
- Transcribing agency: dpl
100 ## - HEADING--PERSONAL NAME
- Personal name: Sri Sathya Sai Sadhana Trust
670 ## - SOURCE DATA FOUND
- Source citation: Work cat.: (dpl)207051: Sri Sathya Sai Sadhana Trust, A Food For Thought: , 2011
